000 00316nam a22001457a 4500
008 210607b ||||| |||| 00| 0 eng d
020 _a0721681425
041 _aeng
080 _23rd
_a61
082 _a61
100 _a3
101 _aSHM
245 _aSurgery of the Ear
_cGeorge E. Shambaugh
942 _2udc
_cBK
999 _c58050
_d58050